Statistics for Pokémon Moves that Raise Speed

Click here to take the quiz!

General Stats

  • This quiz has been taken 16 times
    (10 since last reset)
  • The average score is 19 of 28

Answer Stats

TypeGen IntroducedAssociated PokémonMove% Correct
Water9QuaquavalAqua Step
100%
Dragon3Dragon Dance
100%
Bug5VolcaronaQuiver Dance
100%
Fire5Flame Charge
90%
Fighting8FalinksNo Retreat
90%
Steel5KlinklangShift Gear
90%
Psychic1Agility
80%
Electric8MorpekoAura Wheel
80%
Dragon8Kommo-oClangorous Soul
80%
Normal7EeveeExtreme Evoboost
80%
Fairy6XerneasGeomancy
80%
Steel5Autotomize
70%
Rock4Rock Polish
70%
Dragon7Kommo-oClangorous Soulblaze
60%
Psychic8BraviaryEsper Wing
60%
Normal9VeluzaFillet Away
60%
Water9DondozoOrder Up
60%
Normal9TandemausTidy Up
60%
Grass9Trailblaze
60%
Fighting8LilligantVictory Dance
60%
Normal4Acupressure
50%
Rock2Ancient Power
50%
Ghost2Ominous Wind
50%
Bug2Silver Wind
50%
Flying8Max Airstream
40%
Dragon9Scale Shot
40%
Normal5Shell Smash
30%
Normal2Rapid Spin
20%

Score Distribution

Percentile by Number Answered

Percent of People with Each Score

Your Score History

You have not taken this quiz since the last reset